Bisset v Secretary of State for Scotland (Record no. 23893)

MARC details
000 -LEADER
fixed length control field 01127cab a2200241 4500
001 - CONTROL NUMBER
control field E2007
008 - FIXED-LENGTH DATA ELEMENTS--GENERAL INFORMATION
fixed length control field 090401t1994 xxu||||| |||| 00| 0 eng d
035 ## - SYSTEM CONTROL NUMBER
System control number (Sirsi) u36920
041 ## - LANGUAGE CODE
Language code of text/sound track or separate title eng
245 ## - TITLE STATEMENT
Title Bisset v Secretary of State for Scotland
260 ## - PUBLICATION, DISTRIBUTION, ETC.
Date of publication, distribution, etc. 1994
350 ## - PRICE (NR) (BK AM CF MU VM SE) [OBSOLETE]
Price 0
490 ## - SERIES STATEMENT
Series statement Scots Law Times
Volume/sequential designation 1994 SLT(Lands Tr) 12-21(10)
520 ## - SUMMARY, ETC.
Summary, etc. Lands Tribunal for Scotland 23 January 1991. Compulsory powers - purchase - compensation - purchase of part of land of hotel for road construction - whether severance loss - nature of claim for loss of profit - validity of claim for personal disruption - extraordinary costs of replacing house - Land Compensation (Scotland) Act 1963 (c.51), s. 12(2) - Land Compensation (Scotland) Act 1973 (c.56), ss.34,35.
650 ## - SUBJECT ADDED ENTRY--TOPICAL TERM
Topical term or geographic name entry element HOTELS
650 ## - SUBJECT ADDED ENTRY--TOPICAL TERM
Topical term or geographic name entry element LAND COMPENSATION (SCOTLAND) ACT 1963
650 ## - SUBJECT ADDED ENTRY--TOPICAL TERM
Topical term or geographic name entry element LAND COMPENSATION (SCOTLAND) ACT 1973
650 ## - SUBJECT ADDED ENTRY--TOPICAL TERM
Topical term or geographic name entry element LANDS TRIBUNAL FOR SCOTLAND
650 ## - SUBJECT ADDED ENTRY--TOPICAL TERM
Topical term or geographic name entry element ROAD CONSTRUCTION
690 ## - LOCAL SUBJECT ADDED ENTRY--TOPICAL TERM (OCLC, RLIN)
Topical term or geographic name as entry element ENVIRONMENTAL AND LAND CONSULTANCY-PLANNING AND DEVELOPMENT-COMPULSORY PURCHASE AND COMPENSATION
942 ## - ADDED ENTRY ELEMENTS (KOHA)
Suppress in OPAC 0
948 ## - LOCAL PROCESSING INFORMATION (OCLC); SERIES PART DESIGNATOR (RLIN)
c (OCLC) 04/03/1997
Holdings
Withdrawn status Lost status Source of classification or shelving scheme Damaged status Not for loan Home library Current library Shelving location Date acquired Total Checkouts Full call number Barcode Date last seen Copy number Price effective from Koha item type
    Dewey Decimal Classification     London London Journal article 14/09/1999   E2007 36920-1001 06/08/2019 1 06/08/2019 Law report